Acido solforico e superfosfati minerali : trattato pratico di fabbricazione ad uso dei chimici, industriali, dirigenti /
Guardado en:
| Autor Principal: | |
|---|---|
| Formato: | Libro |
| Idioma: | Italian |
| Publicado: |
Milano :
Hoepli,
1950.
|
| Etiquetas: |
Agregar Etiqueta
Sin Etiquetas, Sea el primero en etiquetar este registro!
|
| LEADER | 00516nam a22001455a 4500 | ||
|---|---|---|---|
| 001 | EUN.um036636 | ||
| 003 | AR-BaUNS | ||
| 005 | 20050623122909.0 | ||
| 008 | 041125s1950####it#a##########000#0#ita#d | ||
| 245 | 1 | 0 | |a Acido solforico e superfosfati minerali : |b trattato pratico di fabbricazione ad uso dei chimici, industriali, dirigenti / |c Oscar Supino. |
| 260 | |a Milano : |b Hoepli, |c 1950. | ||
| 300 | |a 351 p. : |b ilus. ; |c 24,5 cm. | ||
| 100 | 1 | |a Supino, Oscar. | |
| 082 | 0 | 4 | |a 661.2 |
| 859 | |a Ar-BaUNS |b BIB. CENTRAL - Sector C |h 661.2 |i Su76 |p 83/955 | ||
